Statistiken für Alle Stationen der S 11 (Köln)

Klicken Sie hier um das Quiz zu spielen!

Allgemein

  • Dieses Quiz wurde 23 mal gespielt
  • Das Durchschnittsergebnis liegt bei 19 aus 36

Antwortstatistiken

Antwort% Korrekt
Bergisch Gladbach
91%
Köln Hbf
91%
Köln-Messe/Deutz
86%
Düsseldorf Hbf
82%
Düsseldorf Flughafen
Terminal
77%
Köln-Chorweiler
77%
Köln Hansaring
77%
Köln-Mülheim
77%
Dormagen
73%
Köln-Nippes
73%
Köln-Chorweiler Nord
64%
Köln-Dellbrück
64%
Neuss Hbf
64%
Köln-Worringen
59%
Köln-Geldernstraße
/Parkgürtel
55%
Köln-Longerich
55%
Duckterath
50%
Köln-Blumenberg
50%
Köln-Holweide
50%
Dormagen Chempark
45%
Düsseldorf-Bilk
45%
Düsseldorf Wehrhahn
36%
Düsseldorf-Zoo
36%
Köln-Buchforst
36%
Neuss-Allerheiligen
36%
Norf
36%
Düsseldorf Hamm
32%
Düsseldorf Völklinger
Straße
32%
Köln Volkhovener Weg
32%
Neuss Süd
32%
Düsseldorf-Derendorf
27%
Düsseldorf-Unterrath
27%
Neuss Am Kaiser
27%
Neuss Rheinparkcenter
27%
Düsseldorf Friedrichstadt
23%
Nievenheim
23%

Verteilung der Resultate

Perzentil nach korrekt beantworteten Fragen

Anzahl Personen mit jedem Resultat

Ihre Resultats-Entwicklung

Sie haben dieses Quiz noch nicht gespielt